000 00679nam a2200193 a 4500
001 000036755
005 20200930075922.0
008 120131s1983 xxu 000 0 spa d
020 _a0870232045
040 _aDO-SdBNP
_bspa
_cBNPHU
082 _axxxx
_bB925e
100 1 _aBuckminster Fuller, R.,
_d1895-1983
_963086
240 1 0 _aBuckminster Fuller of education
_lEspañol
245 1 0 _aEducación, tecnología y futuro. /
_cRichard Buckminster Fuller ; selección y notas por Peter H. Wagschal y Robert D. Kahn.
260 _aBuenos Aires :
_bEdiciones Arango,
_c1983.
300 _a189 p. ;
_c20 cm.
700 1 _aWagschal, Peter H.
_963087
700 1 _aKahn, Robert D.
_963088
999 _c36246
_d36246